| Tag |
First Indicator |
Second Indicator |
Subfields |
| LEADER |
00000cam a22000008a 4500 |
| 001 |
in00000008510 |
| 005 |
20151003070011.0 |
| 008 |
860819s1987 enk b 00110 eng |
| 010 |
|
|
|a 86023208
|
| 020 |
|
|
|a 0631153187 :
|c £22.50 (est.) ($45.00 U.S.)
|
| 035 |
|
|
|a (OCoLC)14188553
|
| 035 |
|
|
|9 AAA0903AM
|
| 040 |
|
|
|a DLC
|c DLC
|d m/c
|d TXA
|d UtOrBLW
|
| 050 |
0 |
0 |
|a B809.8
|b .S334 1987
|
| 082 |
0 |
|
|a 335.4/119
|2 19
|
| 100 |
1 |
|
|a Sayer, Derek.
|
| 245 |
1 |
4 |
|a The violence of abstraction :
|b the analytic foundations of historical materialism /
|c Derek Sayer.
|
| 263 |
|
|
|a 8706
|
| 264 |
|
1 |
|a Oxford, UK ;
|a New York, NY, USA :
|b B. Blackwell,
|c 1987.
|
| 300 |
|
|
|a xiii, 173 pages
|
| 336 |
|
|
|a text
|b txt
|2 rdacontent
|
| 337 |
|
|
|a unmediated
|b n
|2 rdamedia
|
| 338 |
|
|
|a volume
|b nc
|2 rdacarrier
|
| 504 |
|
|
|a Bibliography: pages [157]-163.
|
| 500 |
|
|
|a Includes index.
|
| 650 |
|
0 |
|a Philosophy, Marxist.
|
| 650 |
|
0 |
|a Historical materialism.
|
| 650 |
|
0 |
|a Communism and society.
|
| 999 |
|
|
|a MARS
|
| 999 |
f |
f |
|s 1af8190b-2928-3ba5-b6ff-3bf60607452e
|i 11fdf864-c09c-3a1c-bea7-8bae7671e102
|t 0
|
| 952 |
f |
f |
|p normal
|a Texas A&M University
|b College Station
|c Sterling C. Evans Library
|d Evans: Library Stacks
|t 0
|e B809.8 .S334 1987
|h Library of Congress classification
|i unmediated -- volume
|m A14812614553
|
| 998 |
f |
f |
|a B809.8 .S334 1987
|t 0
|l Evans: Library Stacks
|